<?xml version="1.0" encoding="UTF-8"?>
<record
    xmlns:xsi="http://www.w3.org/2001/XMLSchema-instance"
    xsi:schemaLocation="http://www.loc.gov/MARC21/slim http://www.loc.gov/standards/marcxml/schema/MARC21slim.xsd"
    xmlns="http://www.loc.gov/MARC21/slim">

  <leader>00391nam a2200157Ia 4500</leader>
  <controlfield tag="008">230314s9999    xx            000 0 und d</controlfield>
  <datafield tag="020" ind1=" " ind2=" ">
    <subfield code="a">978-93-5270-118-6</subfield>
  </datafield>
  <datafield tag="041" ind1=" " ind2=" ">
    <subfield code="a">eng</subfield>
  </datafield>
  <datafield tag="082" ind1=" " ind2=" ">
    <subfield code="a">P/618.9/DAT/B09352</subfield>
  </datafield>
  <datafield tag="100" ind1=" " ind2=" ">
    <subfield code="a">Datta Parul</subfield>
    <subfield code="9">177972</subfield>
  </datafield>
  <datafield tag="245" ind1=" " ind2=" ">
    <subfield code="a">Pediatric Nursing</subfield>
  </datafield>
  <datafield tag="260" ind1=" " ind2=" ">
    <subfield code="b">Jaypee Brothers</subfield>
    <subfield code="a">New Delhi</subfield>
    <subfield code="c">2007</subfield>
  </datafield>
  <datafield tag="300" ind1=" " ind2=" ">
    <subfield code="a">498p</subfield>
  </datafield>
  <datafield tag="906" ind1=" " ind2=" ">
    <subfield code="b">02</subfield>
  </datafield>
  <datafield tag="999" ind1=" " ind2=" ">
    <subfield code="c">142339</subfield>
    <subfield code="d">142339</subfield>
  </datafield>
  <datafield tag="952" ind1=" " ind2=" ">
    <subfield code="0">0</subfield>
    <subfield code="1">0</subfield>
    <subfield code="4">0</subfield>
    <subfield code="7">0</subfield>
    <subfield code="8">P</subfield>
    <subfield code="a">BTIN</subfield>
    <subfield code="b">BTIN</subfield>
    <subfield code="d">2022-03-30</subfield>
    <subfield code="e">Varad Enterprises</subfield>
    <subfield code="g">750.00</subfield>
    <subfield code="i">1025</subfield>
    <subfield code="l">37</subfield>
    <subfield code="m">20</subfield>
    <subfield code="o">P 618.9 DAT B09783</subfield>
    <subfield code="p">BTIN-BK-9783</subfield>
    <subfield code="q">2026-05-15</subfield>
    <subfield code="r">2026-05-08 11:14:14</subfield>
    <subfield code="s">2026-05-08</subfield>
    <subfield code="v">502.50</subfield>
    <subfield code="w">2007-02-22</subfield>
    <subfield code="y">BK</subfield>
    <subfield code="z">B09783</subfield>
  </datafield>
  <datafield tag="952" ind1=" " ind2=" ">
    <subfield code="0">0</subfield>
    <subfield code="1">0</subfield>
    <subfield code="4">0</subfield>
    <subfield code="7">0</subfield>
    <subfield code="8">P</subfield>
    <subfield code="a">BTIN</subfield>
    <subfield code="b">BTIN</subfield>
    <subfield code="d">2022-03-30</subfield>
    <subfield code="e">Varad Enterprises</subfield>
    <subfield code="g">750.00</subfield>
    <subfield code="i">1025</subfield>
    <subfield code="l">26</subfield>
    <subfield code="m">20</subfield>
    <subfield code="o">P 618.9 DAT B09784</subfield>
    <subfield code="p">BTIN-BK-9784</subfield>
    <subfield code="q">2026-08-19</subfield>
    <subfield code="r">2025-01-10 00:00:00</subfield>
    <subfield code="s">2025-01-10</subfield>
    <subfield code="v">502.50</subfield>
    <subfield code="w">2007-02-22</subfield>
    <subfield code="y">BK</subfield>
    <subfield code="z">B09784</subfield>
  </datafield>
</record>
